[Event "Chessable Play In Match D3"]
[Site "Chess.com INT"]
[Date "2024.02.01"]
[Round "1.3"]
[White "Meskovs, Nikita"]
[Black "Ohanyan, Emin"]
[Result "1/2-1/2"]
[WhiteElo "2548"]
[BlackElo "2468"]
[PlyCount "108"]
[EventDate "2024.02.01"]
[EventType "k.o. (rapid)"]
[EventRounds "1"]
[EventCountry "USA"]
[SourceTitle "CB06_2024"]
[SourceDate "2024.02.07"]
[SourceVersion "1"]
[SourceVersionDate "2024.02.07"]
[SourceQuality "1"]

1. d4 Nf6 2. c4 e6 3. Nf3 d5 4. Nc3 c6 5. e3 Nbd7 6. Qc2 Bd6 7. g4 Nxg4 8. Rg1 Qf6 9. Rxg4 Qxf3 10. Rxg7 Nf6 11. Rg5 Qh1 12. Bd2 Bd7 13. 0-0-0 Qxh2 14. f4 Rg8 15. Rxg8+ Nxg8 16. cxd5 exd5 17. e4 Bxf4 18. exd5 Bxd2+ 19. Rxd2 Qf4 20. Bg2 Nf6 21. dxc6 Bxc6 22. d5 Bd7 23. d6 Kf8 24. Qd3 Re8 25. Qd4 Qxd4 26. Rxd4 b6 27. a4 Re5 28. b4 Rg5 29. Bf3 Rg3 30. Rf4 Ne8 31. Ne4 Rg1+ 32. Kd2 f5 33. Bh5 Ng7 34. Nf6 Nxh5 35. Nxd7+ Ke8 36. Rxf5 Kxd7 37. Rxh5 Kxd6 38. Rxh7 Rg4 39. Kc3 a5 40. Rh6+ Kc7 41. Rh7+ Kb8 42. bxa5 bxa5 43. Kb3 Rb4+ 44. Ka3 Rb7 45. Rh5 Ra7 46. Kb3 Rb7+ 47. Kc3 Rc7+ 48. Kd4 Kb7 49. Rxa5 Kb6 50. Rb5+ Ka6 51. Re5 Rc1 52. a5 Ra1 53. Kc4 Rxa5 54. Rxa5+ Kxa5 1/2-1/2

[Event "Chessable Play In Match D3"]
[Site "Chess.com INT"]
[Date "2024.02.01"]
[Round "1.4"]
[White "Ohanyan, Emin"]
[Black "Meskovs, Nikita"]
[Result "0-1"]
[WhiteElo "2468"]
[BlackElo "2548"]
[PlyCount "112"]
[EventDate "2024.02.01"]
[EventType "k.o. (rapid)"]
[EventRounds "1"]
[EventCountry "USA"]
[SourceTitle "CB06_2024"]
[SourceDate "2024.02.07"]
[SourceVersion "1"]
[SourceVersionDate "2024.02.07"]
[SourceQuality "1"]

1. d4 Nf6 2. Nf3 e6 3. Bf4 c5 4. e3 Nc6 5. Nbd2 d5 6. c3 Nh5 7. Bg5 Qb6 8. Qb3 h6 9. Bh4 g5 10. Bg3 Nxg3 11. hxg3 Bg7 12. Qxb6 axb6 13. a3 g4 14. Ng1 cxd4 15. exd4 e5 16. dxe5 d4 17. cxd4 Nxd4 18. Rc1 0-0 19. f4 Bf5 20. Ne2 Nc2+ 21. Kf2 Rfd8 22. Nc4 Bf8 23. Nd6 Bxd6 24. exd6 Rxd6 25. Rh5 Bg6 26. Re5 Ra5 27. Re8+ Kg7 28. Nc3 Rc6 29. Be2 h5 30. Rd8 Rac5 31. Na4 Ra5 32. Nc3 Re6 33. Nd1 Rc5 34. Bd3 Bxd3 35. Rxd3 Nb4 36. axb4 Rxc1 37. Ne3 Rb1 38. Rd2 Re4 39. Nd5 b5 40. f5 Ree1 41. Nf4 Rf1+ 42. Ke3 Rbe1+ 43. Kd4 Kh6 44. Kc5 Rd1 45. Re2 Rfe1 46. Rf2 Re5+ 47. Kb6 Rxf5 48. Kxb7 Rd4 49. Rc2 h4 50. Rc6+ Kg7 51. Ne2 Rd2 52. Nc3 h3 53. Rc5 Rxc5 54. bxc5 h2 55. c6 Rd8 56. c7 Rf8 0-1

[Event "SWE-chT 2324 Elite"]
[Site "Sweden"]
[Date "2023.10.14"]
[Round "2.3"]
[White "Meskovs, Nikita"]
[Black "Pantzar, Milton"]
[Result "1-0"]
[WhiteElo "2526"]
[BlackElo "2453"]
[PlyCount "87"]
[EventDate "2023.10.13"]
[EventType "team-tourn"]
[EventRounds "9"]
[EventCountry "SWE"]
[SourceTitle "Mega2024 Update 01"]
[Source "Chessbase"]
[SourceDate "2023.11.12"]
[SourceVersion "1"]
[SourceVersionDate "2023.11.12"]
[SourceQuality "1"]
[WhiteTeam "Wasa"]
[BlackTeam "Lunds"]
[WhiteTeamCountry "SWE"]
[BlackTeamCountry "SWE"]

1. Nf3 d5 2. g3 Nf6 3. Bg2 e6 4. 0-0 Be7 5. d4 0-0 6. c4 c6 7. Nc3 a5 8. b3 b6 9. Bb2 Ba6 10. Nd2 b5 11. c5 b4 12. Na4 Nbd7 13. Re1 Bb5 14. Qc2 Qc7 15. Rad1 Rad8 16. e3 g6 17. f4 Ne8 18. Nf3 f5 19. a3 Rb8 20. axb4 axb4 21. Ra1 Bd8 22. Bc1 Nef6 23. Bd2 Ne4 24. Bxb4 Bxa4 25. Rxa4 Qb7 26. Rea1 g5 27. R1a3 g4 28. Nd2 Ndf6 29. Bc3 Rf7 30. Rb4 Qc8 31. Rxb8 Qxb8 32. Nxe4 Nxe4 33. Be1 Ra7 34. Qa2 Rxa3 35. Qxa3 h5 36. b4 Qb7 37. Bf1 Kf7 38. Qa4 h4 39. Ba6 Qc7 40. gxh4 Bf6 41. b5 cxb5 42. Qxb5 Qd8 43. Qb7+ Kg6 44. h5+ 1-0

[Event "AI Cup Play In"]
[Site "Chess.com INT"]
[Date "2023.09.18"]
[Round "3"]
[White "Meskovs, Nikita"]
[Black "Garayev, Kanan Farzali Oglu"]
[Result "0-1"]
[WhiteElo "2540"]
[BlackElo "2356"]
[PlyCount "126"]
[EventDate "2023.09.18"]
[EventType "swiss (rapid)"]
[EventRounds "9"]
[EventCountry "USA"]
[SourceTitle "EXT 2024"]
[Source "ChessBase"]
[SourceDate "2023.10.10"]
[SourceVersion "1"]
[SourceVersionDate "2023.10.10"]
[SourceQuality "1"]

1. c4 e6 2. Nf3 d5 3. d4 a6 4. cxd5 exd5 5. Nc3 c6 6. Qb3 Nf6 7. Bg5 Be7 8. e3 Ne4 9. Bf4 Bd6 10. Ne5 0-0 11. Nxe4 Bxe5 12. dxe5 dxe4 13. Qc3 Be6 14. Rd1 Qe7 15. Bc4 Nd7 16. Bxe6 fxe6 17. Rd6 Nb6 18. Qd4 Nd5 19. Bg3 Rf5 20. Qxe4 Raf8 21. 0-0 Qf7 22. Qd3 Qg6 23. e4 R5f7 24. f3 h5 25. Qb3 Qxe4 26. Rxe6 h4 27. Bf2 Qf5 28. Rd6 Qxe5 29. Qa3 h3 30. Re1 Qg5 31. Bg3 hxg2 32. Qd3 Rxf3 33. Qe4 Rf1+ 34. Kxg2 R8f2+ 35. Kh3 Qh5+ 36. Qh4 Qf5+ 37. Qg4 Qh7+ 38. Qh4 Nf4+ 39. Bxf4 Qxh4+ 40. Kxh4 Rxe1 41. Rd8+ Kh7 42. Kg3 Rxb2 43. Rd7 Rg1+ 44. Kf3 Rf1+ 45. Kg3 Re1 46. h4 c5 47. h5 Rg1+ 48. Kf3 Rf1+ 49. Kg3 Rxf4 50. Kxf4 b5 51. a3 Rb3 52. Rc7 c4 53. Kg5 Rg3+ 54. Kf4 Rxa3 55. Rc6 Ra1 56. Kg5 Rg1+ 57. Kf5 a5 58. Rc5 b4 59. Rxa5 c3 60. Rc5 b3 61. Rxc3 b2 62. Rb3 b1Q+ 63. Rxb1 Rxb1 0-1

[Event "Titled Tuesday intern op 05th Sep Early"]
[Site "Chess.com INT"]
[Date "2023.09.05"]
[Round "5"]
[White "Kosteniuk, Alexandra"]
[Black "Meskovs, Nikita"]
[Result "1-0"]
[WhiteElo "2523"]
[BlackElo "2540"]
[PlyCount "79"]
[EventDate "2023.09.05"]
[EventType "swiss (blitz)"]
[EventRounds "11"]
[EventCountry "USA"]
[SourceTitle "EXT 2024"]
[Source "ChessBase"]
[SourceDate "2023.10.10"]
[SourceVersion "1"]
[SourceVersionDate "2023.10.10"]
[SourceQuality "1"]

1. e4 e5 2. Nf3 Nc6 3. Bc4 Bc5 4. d3 d6 5. a4 Nf6 6. a5 a6 7. c3 Ba7 8. 0-0 h6 9. Re1 0-0 10. Be3 Be6 11. Bxe6 fxe6 12. Bxa7 Rxa7 13. d4 Nd7 14. Nbd2 Qf6 15. Nc4 Kh7 16. Qd3 Raa8 17. h3 Rae8 18. Rab1 Kh8 19. b4 exd4 20. cxd4 e5 21. d5 Nd4 22. Re3 h5 23. Rb2 Nb5 24. Ncd2 g5 25. Nf1 g4 26. hxg4 hxg4 27. N3h2 Qf4 28. Rg3 Nf6 29. f3 Rg8 30. Rf2 Ref8 31. fxg4 Qxe4 32. Qd2 Qg6 33. Rh3+ Kg7 34. Ng3 Ne4 35. Nxe4 Rxf2 36. Nxf2 Nd4 37. Rh5 Kf7 38. Nf1 Ke7 39. Ng3 Rf8 40. Nge4 1-0

[Event "Vienna Ottakring 100 Years"]
[Site "Vienna"]
[Date "2023.08.30"]
[Round "5"]
[White "Meskovs, Nikita"]
[Black "Gschiel, Alexander"]
[Result "1/2-1/2"]
[WhiteElo "2544"]
[BlackElo "2265"]
[PlyCount "84"]
[EventDate "2023.08.26"]
[EventType "swiss"]
[EventRounds "9"]
[EventCountry "AUT"]
[SourceTitle "EXT 2024"]
[Source "ChessBase"]
[SourceDate "2023.10.10"]
[SourceVersion "1"]
[SourceVersionDate "2023.10.10"]
[SourceQuality "1"]

1. d4 d5 2. Nf3 Nf6 3. c4 e6 4. g3 Be7 5. Bg2 0-0 6. Nc3 c6 7. 0-0 a5 8. Bf4 dxc4 9. Ne5 Nd5 10. Nxc4 Nd7 11. Bd2 b5 12. Ne3 Ba6 13. Rc1 Qb6 14. Ne4 Rac8 15. Nc5 Nxc5 16. dxc5 Bxc5 17. Bxa5 Qxa5 18. Rxc5 Qxa2 19. Qa1 Qxa1 20. Rxa1 Nxe3 21. Rxa6 Nxg2 22. Kxg2 g6 23. Raxc6 Rxc6 24. Rxc6 Rd8 25. Rc2 Rd5 26. Kf3 Kg7 27. Ke3 Kf6 28. Rc7 h5 29. h4 e5 30. Rb7 Ke6 31. Rb6+ Ke7 32. f3 f6 33. Kf2 Kf7 34. Rb7+ Kf8 35. b4 f5 36. Ke3 Kg8 37. f4 Kf8 38. Kf3 Kg8 39. e4 Rd3+ 40. Ke2 Rd4 41. exf5 exf4 42. gxf4 Rxb4 1/2-1/2

[Event "Vienna Ottakring 100 Years"]
[Site "Vienna"]
[Date "2023.08.27"]
[Round "2"]
[White "Balint, Peter1111"]
[Black "Meskovs, Nikita"]
[Result "0-1"]
[WhiteElo "2176"]
[BlackElo "2544"]
[PlyCount "98"]
[EventDate "2023.08.26"]
[EventType "swiss"]
[EventRounds "9"]
[EventCountry "AUT"]
[SourceTitle "EXT 2024"]
[Source "ChessBase"]
[SourceDate "2023.10.10"]
[SourceVersion "1"]
[SourceVersionDate "2023.10.10"]
[SourceQuality "1"]

1. e4 e5 2. Nf3 Nc6 3. Bb5 a6 4. Ba4 Nf6 5. 0-0 Be7 6. Re1 b5 7. Bb3 d6 8. c3 0-0 9. h3 Na5 10. Bc2 c5 11. d4 Nd7 12. d5 Nb6 13. b3 Bd7 14. Be3 Qc7 15. g4 Nb7 16. Nbd2 c4 17. b4 a5 18. a3 Ra6 19. Nf1 Rfa8 20. Rc1 axb4 21. axb4 Nd8 22. Ng3 g6 23. Kg2 f6 24. g5 Nf7 25. gxf6 Bxf6 26. Qd2 Ra2 27. h4 R8a3 28. Ng5 Nxg5 29. hxg5 Bg7 30. Rh1 Na4 31. Ne2 Bg4 32. f3 Bh5 33. Rh3 Qc8 34. Rg3 Qa8 35. Rb1 Rb3 36. Rc1 Nb2 37. Bxb3 cxb3 38. Kf2 Qc8 39. Rb1 Nc4 40. Qd3 b2 41. Bd2 Ra1 42. Be3 Qf8 43. Qd1 Rxb1 44. Qxb1 h6 45. Rh3 hxg5 46. Bxg5 Bh6 47. Bxh6 Qxh6 48. f4 exf4 49. Rh4 Qg5 0-1

[Event "Erkenschwick Jubilee"]
[Site "Oer Erkenschwick"]
[Date "2023.08.12"]
[Round "9"]
[White "Koellner, Ruben Gideon"]
[Black "Meskovs, Nikita"]
[Result "1/2-1/2"]
[WhiteElo "2478"]
[BlackElo "2544"]
[PlyCount "106"]
[EventDate "2023.08.04"]
[EventType "tourn"]
[EventRounds "9"]
[EventCountry "GER"]
[EventCategory "6"]
[SourceTitle "EXT 2024"]
[Source "ChessBase"]
[SourceDate "2023.10.10"]
[SourceVersion "1"]
[SourceVersionDate "2023.10.10"]
[SourceQuality "1"]

1. d4 Nf6 2. Nf3 e6 3. Bg5 c5 4. e3 b6 5. Nbd2 Be7 6. c3 Bb7 7. Bxf6 Bxf6 8. Bd3 Nc6 9. Qe2 a6 10. h4 Qc7 11. Ng5 h6 12. Qh5 Nd8 13. Nge4 Be7 14. f4 d6 15. Qg4 Bf8 16. f5 exf5 17. Qxf5 d5 18. Nf2 Bd6 19. 0-0-0 Ne6 20. Kb1 0-0-0 21. h5 Kb8 22. Ng4 Ng5 23. Qf1 c4 24. Bf5 Rhe8 25. Re1 Bg3 26. Re2 Bc8 27. Ka1 Rd6 28. Qb1 Bxf5 29. Qxf5 Qd7 30. Rf1 b5 31. a3 Kb7 32. Qxd7+ Rxd7 33. Nf3 f6 34. Nxg5 fxg5 35. Rf3 Bc7 36. Nf2 Rde7 37. e4 dxe4 38. Rfe3 Kc6 39. Rxe4 Rxe4 40. Rxe4 Rxe4 41. Nxe4 Kd5 42. Nc5 a5 43. a4 b4 44. Kb1 g4 45. Kc2 b3+ 46. Kd2 Bf4+ 47. Kd1 g3 48. Nb7 Bc7 49. Nc5 Bd8 50. Kd2 Bg5+ 51. Kd1 Bd8 52. Kd2 Bg5+ 53. Kd1 Bd8 1/2-1/2

[Event "Julius Baer Play In"]
[Site "Chess.com INT"]
[Date "2023.07.24"]
[Round "4.36"]
[White "Rustemov, Alexander"]
[Black "Meskovs, Nikita"]
[Result "0-1"]
[WhiteElo "2525"]
[BlackElo "2565"]
[PlyCount "110"]
[EventDate "2023.07.24"]
[EventType "swiss (rapid)"]
[EventRounds "9"]
[EventCountry "GER"]
[SourceTitle "CBM 215 Extra"]
[Source "ChessBase"]
[SourceDate "2023.09.30"]
[SourceVersion "1"]
[SourceVersionDate "2023.09.30"]
[SourceQuality "1"]

1. d4 Nf6 2. c4 e6 3. Nf3 d5 4. cxd5 exd5 5. Nc3 a6 6. Bg5 Be6 7. e3 Nbd7 8. Bd3 c6 9. Qc2 Bd6 10. Bf4 Qc7 11. Bxd6 Qxd6 12. h3 0-0 13. 0-0 g6 14. Rfb1 a5 15. a3 b5 16. Nd2 Rfc8 17. Rc1 Nb6 18. a4 b4 19. Ne2 Nfd7 20. Nb3 f5 21. Nf4 Bf7 22. Nc5 Qe7 23. b3 Nxc5 24. Qxc5 Qxc5 25. Rxc5 Nd7 26. Rc2 c5 27. Bb5 Nf6 28. dxc5 Ne4 29. c6 d4 30. Rb1 Nc3 31. Rbb2 dxe3 32. fxe3 Rab8 33. Ne2 Nxb5 34. axb5 Rxb5 35. Nd4 Rd5 36. g3 g5 37. Rf2 Bg6 38. h4 Re5 39. Rbe2 h6 40. hxg5 hxg5 41. Rh2 Kg7 42. Kf2 Rd5 43. Kf3 Kf6 44. Rh6 Kg7 45. Reh2 Re5 46. Rh1 Re7 47. Kf2 Re4 48. Kf3 Rce8 49. Nc2 R4e6 50. Kf2 Rxc6 51. Nd4 Rc3 52. g4 fxg4 53. R6h2 Rexe3 54. Rg1 g3+ 55. Rxg3 Rxg3 0-1